00000000nam##2200000za#4500
0019.683214
003CaOODSP
00520210615133416
007ta
008150407|2006||||xxc|||||     f|0| 0 fre|d
020 |a0-662-71180-7
040 |aCaOODSP|bfre
043 |an-cn---
0861 |aH128-1/06-432-1F
1101 |aCanada. |bSanté Canada.|bDirection générale de la santé environnementale et de la sécurité des consommateurs.
24510|aLignes directrices sur la qualité de l'air intérieur résidentiel - formaldéhyde
260 |aOttawa - Ontario : |bSanté Canada. |c2006.
300 |a4p. : |btableaux ; |c28 cm.
563 |aDépliant
590 |a07-05|b2007-02-02
69107|aQualité de l'air|2gcpds
69107|aLogement|2gcpds
77508|tResidential indoor air quality guideline - formaldehyde |w(CaOODSP)9.650090
7760#|tLignes directrices sur la qualité de l'air intérieur résidentiel - formaldéhyde |w(CaOODSP)9.633687
986 |aHC Pub.: 4121